<?xml version="1.0" encoding="UTF-8"?>
<record
    xmlns:xsi="http://www.w3.org/2001/XMLSchema-instance"
    xsi:schemaLocation="http://www.loc.gov/MARC21/slim http://www.loc.gov/standards/marcxml/schema/MARC21slim.xsd"
    xmlns="http://www.loc.gov/MARC21/slim">

  <leader>01016nam a22001937a 4500</leader>
  <datafield tag="999" ind1=" " ind2=" ">
    <subfield code="c">58136</subfield>
    <subfield code="d">58136</subfield>
  </datafield>
  <controlfield tag="005">20210701121516.0</controlfield>
  <controlfield tag="008">210625s2019    eng||||| |||| 00| 0 eng d</controlfield>
  <datafield tag="020" ind1=" " ind2=" ">
    <subfield code="a">9789811363078</subfield>
  </datafield>
  <datafield tag="041" ind1=" " ind2=" ">
    <subfield code="a">eng</subfield>
  </datafield>
  <datafield tag="080" ind1=" " ind2=" ">
    <subfield code="a">364-22-056+376.2 F-22</subfield>
  </datafield>
  <datafield tag="245" ind1=" " ind2=" ">
    <subfield code="a">Family, School, and Community Partnerships for Students with Disabilities /</subfield>
    <subfield code="c">Editors Lusa Lo, Xu Yaoying.</subfield>
  </datafield>
  <datafield tag="264" ind1=" " ind2=" ">
    <subfield code="a">Boston: </subfield>
    <subfield code="b">Springer,</subfield>
    <subfield code="c">2019.</subfield>
  </datafield>
  <datafield tag="300" ind1=" " ind2=" ">
    <subfield code="a">177 p.;</subfield>
    <subfield code="b">24 cm.</subfield>
  </datafield>
  <datafield tag="653" ind1=" " ind2=" ">
    <subfield code="a">&#x10E1;&#x10D0;&#x10DD;&#x10EF;&#x10D0;&#x10EE;&#x10DD;, &#x10E1;&#x10D0;&#x10E1;&#x10D9;&#x10DD;&#x10DA;&#x10DD; &#x10D3;&#x10D0; &#x10E1;&#x10D0;&#x10D6;&#x10DD;&#x10D2;&#x10D0;&#x10D3;&#x10DD;&#x10D4;&#x10D1;&#x10E0;&#x10D8;&#x10D5;&#x10D8; &#x10DE;&#x10D0;&#x10E0;&#x10E2;&#x10DC;&#x10D8;&#x10DD;&#x10E0;&#x10DD;&#x10D1;&#x10D0; &#x10E8;&#x10D4;&#x10D6;&#x10E6;&#x10E3;&#x10D3;&#x10E3;&#x10DA;&#x10D8; &#x10E8;&#x10D4;&#x10E1;&#x10D0;&#x10EB;&#x10DA;&#x10D4;&#x10D1;&#x10DA;&#x10DD;&#x10D1;&#x10D8;&#x10E1; &#x10DB;&#x10E5;&#x10DD;&#x10DC;&#x10D4; &#x10E1;&#x10E2;&#x10E3;&#x10D3;&#x10D4;&#x10DC;&#x10E2;&#x10D4;&#x10D1;&#x10D8;&#x10E1;&#x10D7;&#x10D5;&#x10D8;&#x10E1;</subfield>
  </datafield>
  <datafield tag="653" ind1=" " ind2=" ">
    <subfield code="a">&#x41F;&#x430;&#x440;&#x442;&#x43D;&#x435;&#x440;&#x441;&#x442;&#x432;&#x43E; &#x441;&#x435;&#x43C;&#x44C;&#x438;, &#x448;&#x43A;&#x43E;&#x43B;&#x44B; &#x438; &#x441;&#x43E;&#x43E;&#x431;&#x449;&#x435;&#x441;&#x442;&#x432;&#x430; &#x434;&#x43B;&#x44F; &#x443;&#x447;&#x430;&#x449;&#x438;&#x445;&#x441;&#x44F; &#x441; &#x43E;&#x433;&#x440;&#x430;&#x43D;&#x438;&#x447;&#x435;&#x43D;&#x43D;&#x44B;&#x43C;&#x438; &#x432;&#x43E;&#x437;&#x43C;&#x43E;&#x436;&#x43D;&#x43E;&#x441;&#x442;&#x44F;&#x43C;&#x438;</subfield>
  </datafield>
  <datafield tag="700" ind1=" " ind2=" ">
    <subfield code="a">Lo, Lusa </subfield>
    <subfield code="e">&#x10E0;&#x10D4;&#x10D3;&#x10D0;&#x10E5;&#x10E2;&#x10DD;&#x10E0;&#x10D8;</subfield>
    <subfield code="9">12127</subfield>
  </datafield>
  <datafield tag="700" ind1=" " ind2=" ">
    <subfield code="a"> Yaoying,  Xu</subfield>
    <subfield code="e">&#x10E0;&#x10D4;&#x10D3;&#x10D0;&#x10E5;&#x10E2;&#x10DD;&#x10E0;&#x10D8;</subfield>
    <subfield code="9">12128</subfield>
  </datafield>
  <datafield tag="942" ind1=" " ind2=" ">
    <subfield code="2">udc</subfield>
    <subfield code="c">BK</subfield>
  </datafield>
  <datafield tag="952" ind1=" " ind2=" ">
    <subfield code="0">0</subfield>
    <subfield code="1">0</subfield>
    <subfield code="2">udc</subfield>
    <subfield code="4">0</subfield>
    <subfield code="6">364220563762_F22</subfield>
    <subfield code="7">0</subfield>
    <subfield code="9">90443</subfield>
    <subfield code="a">CPL</subfield>
    <subfield code="b">CPL</subfield>
    <subfield code="c">GEN</subfield>
    <subfield code="d">2021-06-25</subfield>
    <subfield code="g">326.00</subfield>
    <subfield code="o">364-22-056+376.2 F-22</subfield>
    <subfield code="p">61415</subfield>
    <subfield code="r">2021-06-25</subfield>
    <subfield code="t">61415</subfield>
    <subfield code="w">2021-06-25</subfield>
    <subfield code="y">BK</subfield>
    <subfield code="z">326 &#x10DA;.</subfield>
  </datafield>
</record>
